Oversight of the management practices of the U.S. Customs Service : hearing before the Subcommittee on Government Management, Information, and Technology of the Committee on Government Reform and Oversight, House of Representatives, One Hundred Fifth Congress, first session, October 16, 1997.

Bibliographic Details
Corporate Authors: United States. Congress. House. Committee on Government Reform and Oversight. Subcommittee on Government Management, Information, and Technology, ProQuest (Firm)
Format: Government Document eBook
Language:English
Published: Washington : U.S. G.P.O. : 1998.
Series:U.S. Congressional Hearings.
Subjects:
Online Access:Connect to the full text of this electronic book

MARC

Tag First Indicator Second Indicator Subfields
LEADER 00000cam a22000001a 4500
001 in00003249613
005 20190404192556.0
006 m d f
007 cr bn mmmapmmp
008 091026s1998 dcuab ob f000 0 eng d
035 |a cis2007468373 
040 |a UMI  |c UMI  |d UtOrBLW 
043 |a n-us--- 
074 |a 1016-A 
074 |a 1016-B (MF) 
086 0 |a Y 4.G 74/7:OV 2/22 
088 |a Serial no. 105-107 (United States. Congress. House. Committee on Government Reform and Oversight) 
099 |a HRG-1997-GRO-0053 
110 1 |a United States.  |b Congress.  |b House.  |b Committee on Government Reform and Oversight.  |b Subcommittee on Government Management, Information, and Technology. 
245 1 0 |a Oversight of the management practices of the U.S. Customs Service :  |b hearing before the Subcommittee on Government Management, Information, and Technology of the Committee on Government Reform and Oversight, House of Representatives, One Hundred Fifth Congress, first session, October 16, 1997. 
264 1 |a Washington :  |b U.S. G.P.O. :  |c 1998. 
264 2 |a Washington :  |b For sale by the U.S. G.P.O., Supt. of Docs., Congressional Sales Office, 
300 |a 1 online resource. 
336 |a text  |b txt  |2 rdacontent 
337 |a computer  |b c  |2 rdamedia 
338 |a online resource  |b cr  |2 rdacarrier 
500 |a Record is based on bibliographic data in ProQuest Congressional Hearings Digital Collection. Reuse except for individual research requires license from ProQuest, LLC. 
504 |a Includes bibliographical references. 
538 |a System requirements: PDF reader software. 
500 |a Electronic resource. 
610 2 0 |a U.S. Customs Service  |x Management. 
650 0 |a Customs administration  |z United States. 
650 0 |a Customs administration  |z California. 
655 7 |a Electronic books.  |2 local 
710 2 |a ProQuest (Firm) 
776 0 8 |i Print version:  |a United States. Congress. House. Committee on Government Reform and Oversight. Subcommittee on Government Management, Information, and Technology.  |t Oversight of the management practices of the U.S. Customs Service  |w (DGPO)97096902  |w (OCoLC)39524893 
776 0 8 |i Microfiche version:  |a United States. Congress. House. Committee on Government Reform and Oversight. Subcommittee on Government Management, Information, and Technology.  |t Oversight of the management practices of the U.S. Customs Service.  |d [Bethesda, Md.] : ProQuest,[2004]  |o CIS 98 H401-135  |w (ProQuest)cis09800468 
830 0 |a U.S. Congressional Hearings. 
856 4 0 |u http://proxy.library.tamu.edu/login?url=http://congressional.proquest.com/congcomp/getdoc?HEARING-ID=HRG-1997-GRO-0053  |z Connect to the full text of this electronic book  |t 0 
998 |a cis09800468 
999 |a MARS 
999 f f |s de759e1a-3624-368f-9306-019e5e90f085  |i c52b98f8-a7f3-3a24-9110-e6c19435df84  |t 0 
952 f f |a Texas A&M University  |b College Station  |c Electronic Resources  |d Available Online  |t 0  |e HRG-1997-GRO-0053  |h Other scheme 
998 f f |a HRG-1997-GRO-0053  |t 0  |l Available Online